Formule 1 - Pilotes par saison et écurie aléatoire - Statistiques

Statistiques générales
  • Ce quiz a été pris 579 fois
    558 depuis la dernière actualisation
  • Le résultat moyen est 10 sur 15
Statistiques - réponses
Saison Constructeur Pilotes % Correct
2024 Ferrari Charles Leclerc, Carlos Sainz Jr.
100%
2022 Alpine Esteban Ocon, Fernando Alonso
100%
2019 Red Bull Max Verstappen, Pierre Gasly, Alexander Albon
98%
2024 Red Bull Max Verstappen, Sergio Pérez
98%
2023 Alpine Pierre Gasly, Esteban Ocon
98%
2018 Red Bull Max Verstappen, Daniel Ricciardo
97%
2022 Red Bull (AlphaTauri) Pierre Gasly, Yuki Tsunoda
97%
2020 Renault Daniel Ricciardo, Esteban Ocon
96%
2015 Mercedes-Benz Lewis Hamilton, Nico Rosberg
96%
2018 Ferrari Sebastian Vettel, Kimi Räikkönen
96%
2017 Mercedes-Benz Lewis Hamilton, Valtteri Bottas
95%
2020 Ferrari Sebastian Vettel, Charles Leclerc
95%
2017 Force India Sergio Pérez, Esteban Ocon
95%
2020 McLaren Lando Norris, Carlos Sainz Jr.
94%
2021 Mercedes-Benz Lewis Hamilton, Valtteri Bottas
94%
2023 Aston Martin Fernando Alonso, Lance Stroll
93%
2024 Mercedes-Benz George Russell, Lewis Hamilton
93%
2009 Ferrari Kimi Räikkönen, Felipe Massa (et Giancarlo Fisichella)
93%
2023 Mclaren Lando Norris, Oscar Piastri
93%
2017 Haas Romain Grosjean, Kevin Magnussen
93%
2012 Ferrari Fernando Alonso, Felipe Massa
92%
2014 Ferrari Fernando Alonso, Kimi Räikkönen
91%
2010 Red Bull Sebastian Vettel, Mark Webber
91%
2008 McLaren Lewis Hamilton, Heikki Kovalainen
90%
2021 Williams Nicholas Latifi, George Russell
89%
2019 Racing Point Sergio Pérez, Lance Stroll
89%
2007 Ferrari Felipe Massa, Kimi Räikkönen
88%
2012 Mercedes-Benz Michael Schumacher, Nico Rosberg
88%
2003 Ferrari Michael Schumacher, Rubens Barrichello
88%
2021 Haas Nikita Mazepin, Mick Schumacher
88%
2009 Mercedes (Brawn GP) Jenson Button, Rubens Barrichello
87%
2006 Ferrari Michael Schumacher, Felipe Massa
87%
2013 Red Bull Sebastian Vettel, Mark Webber
86%
1984 McLaren Alain Prost, Niki Lauda
83%
2006 Renault Giancarlo Fisichella, Fernando Alonso
83%
2022 Alfa Romeo Valtteri Bottas, Guanyu Zhou
83%
2003 Renault Fernando Alonso, Jarno Trulli
82%
1994 Benetton Michael Schumacher, Johnny Herbert, Jos Verstappen
82%
2015 McLaren Jenson Button, Fernando Alonso
81%
2011 McLaren Jenson Button, Lewis Hamilton
80%
1996 Ferrari Michael Schumacher, Eddie Irvine
80%
2014 Force India Sergio Pérez, Nico Hülkenberg
79%
2019 Williams George Russell, Robert Kubica
78%
1990 McLaren Ayrton Senna, Gerhard Berger
77%
1950 Alfa Romeo Juan Manuel Fangio, Giuseppe Farina, Luigi Fagioli
77%
1998 McLaren Mika Häkkinen, David Coulthard
77%
2016 Toro Rosso Carlos Sainz Jr., Max Verstappen, Daniil Kvyat
76%
1992 Benetton Michael Schumacher, Martin Brundle
76%
2012 Lotus Romain Grosjean, Kimi Räikkönen
76%
1988 McLaren Alain Prost, Ayrton Senna
75%
1993 Williams Damon Hill, Alain Prost
74%
2018 Mclaren Fernando Alonso, Stoffel Vandoorne
74%
2008 Red Bull David Coulthard, Mark Webber
73%
2015 Lotus Romain Grosjean, Pastor Maldonado
69%
1990 Ferrari Alain Prost, Nigel Mansell
68%
1996 Williams Damon Hill, Jacques Villeneuve
68%
1999 McLaren Mika Häkkinen, David Coulthard
67%
1991 Benetton Michael Schumacher, Nelson Piquet, Roberto Moreno
65%
1955 Mercedes Juan Manuel Fangio, Stirling Moss
61%
2016 Williams Valtteri Bottas, Felipe Massa
60%
1976 Ferrari Niki Lauda, Clay Regazzoni
59%
1952 Ferrari Alberto Ascari, Piero Taruffi, Giuseppe Farina
58%
2014 Marussia Jules Bianchi, Max Chilton
58%
2006 McLaren Kimi Räikkönen, Juan Pablo Montoya, Pedro de la Rosa
58%
2001 McLaren Mika Häkkinen, David Coulthard
58%
2013 Toro Rosso Daniel Ricciardo, Jean-Éric Vergne
56%
2013 McLaren Jenson Button, Sergio Pérez
52%
1991 Williams Nigel Mansell, Riccardo Patrese
52%
1995 Williams Renault Damon Hill, David Coulthard
50%
2016 Renault Kevin Magnussen, Jolyon Palmer
50%
2008 Honda Rubens Barrichello, Jenson Button
50%
2004 McLaren David Coulthard, Kimi Räikkönen
49%
2004 BAR Jenson Button, Takuma Satō
49%
1976 McLaren James Hunt, Jochen Mass
47%
2010 Renault Robert Kubica, Vitaly Petrov
46%
2003 Williams Juan Pablo Montoya, Ralf Schumacher
43%
2011 Sauber Kamui Kobayashi, Sergio Pérez
43%
2009 BMW Sauber Robert Kubica, Nick Heidfeld
43%
2011 Williams Rubens Barrichello, Pastor Maldonado
41%
1967 Lotus Graham Hill, Jim Clark
40%
1995 Ligier Olivier Panis, Martin Brundle
39%
2002 BAR Jacques Villeneuve, Olivier Panis
37%
1993 Ferrari Jean Alesi, Gerhard Berger
37%
1999 Williams Ralf Schumacher, Alessandro Zanardi
33%
2010 Toro Rosso Jaime Alguersuari, Sébastien Buemi
31%
1982 Brabham Nelson Piquet, Riccardo Patrese
30%
1961 Ferrari Richie Ginther, Phil Hill, Wolfgang von Trips
30%
1997 Jordan Giancarlo Fisichella, Ralf Schumacher
29%
1997 Prost Jarno Trulli, Shinji Nakano, Olivier Panis
29%
2005 Toyota Ralf Schumacher, Jarno Trulli
26%
2004 Sauber Giancarlo Fisichella, Felipe Massa
25%
2007 Toyota Ralf Schumacher, Jarno Trulli
24%
2000 BMW Ralf Schumacher, Jenson Button
23%
1998 Benetton Giancarlo Fisichella, Alexander Wurz
22%
2001 Sauber Nick Heidfeld, Kimi Räikkönen
21%
2002 Jordan Giancarlo Fisichella, Takuma Satō
18%
2005 Sauber Jacques Villeneuve, Felipe Massa
17%
2007 Toro Rosso Vitantonio Liuzzi, Scott Speed
16%
2000 Jaguar Eddie Irvine, Johnny Herbert
15%
2001 Benetton Giancarlo Fisichella, Jenson Button
15%
1992 Lotus Mika Häkkinen, Johnny Herbert
12%
2002 Jaguar Eddie Irvine, Pedro de la Rosa
11%
2000 Arrows Jos Verstappen, Pedro de la Rosa
11%
1994 Jordan Rubens Barrichello, Eddie Irvine, Andrea de Cesaris
10%
2005 Williams Mark Webber, Nick Heidfeld, Antônio Pizzonia
6%
Aucun quiz correspondant
Distribution des résultats
% des personnes avec chaque résultat
Percentile par nombre de réponses
Votre historique - résultats
Vous n’avez pas pris ce quiz depuis la dernière actualisation